[Event "Toronto Excelsior op"]
[Site "Toronto"]
[Date "2024.02.25"]
[Round "5"]
[White "Malakar, Saarthak"]
[Black "Razin, Vadim"]
[Result "0-1"]
[WhiteElo "1637"]
[BlackElo "2317"]
[PlyCount "72"]
[EventDate "2024.02.23"]
[EventType "swiss"]
[EventRounds "5"]
[EventCountry "CAN"]
[SourceTitle "CB10_2024"]
[SourceDate "2024.03.06"]
[SourceVersion "1"]
[SourceVersionDate "2024.03.06"]
[SourceQuality "1"]

1. d4 d5 2. Nf3 c5 3. c4 dxc4 4. e4 e6 5. Bxc4 cxd4 6. Qxd4 Qxd4 7. Nxd4 a6 8. Be3 Nf6 9. f3 Nbd7 10. Be2 Ne5 11. Kf2 Bd7 12. Nd2 Bd6 13. Rac1 h6 14. h3 g5 15. g3 Ng6 16. N2b3 Rd8 17. Nc5 Bc8 18. Na4 Nh5 19. Rhg1 0-0 20. Nb3 f5 21. exf5 exf5 22. f4 Nf6 23. Nb6 Ne4+ 24. Kg2 Kh7 25. Nxc8 Rxc8 26. Kf3 Nxg3 27. Rxg3 Nh4+ 28. Kf2 gxf4 29. Rgg1 fxe3+ 30. Kxe3 Be5 31. Rxc8 Rxc8 32. Bd3 Bxb2 33. Rg4 Bf6 34. Nd4 Rc5 35. Nxf5 Nxf5+ 36. Kf4 Bg5+ 0-1

[Event "Toronto Excelsior op"]
[Site "Toronto"]
[Date "2024.02.24"]
[Round "3"]
[White "Yuen, Toma"]
[Black "Razin, Vadim"]
[Result "0-1"]
[WhiteElo "1503"]
[BlackElo "2317"]
[PlyCount "50"]
[EventDate "2024.02.23"]
[EventType "swiss"]
[EventRounds "5"]
[EventCountry "CAN"]
[SourceTitle "CB10_2024"]
[SourceDate "2024.03.06"]
[SourceVersion "1"]
[SourceVersionDate "2024.03.06"]
[SourceQuality "1"]

1. e4 e6 2. f4 d5 3. exd5 exd5 4. d4 Nf6 5. Nf3 Bd6 6. Bd3 0-0 7. 0-0 c5 8. dxc5 Bxc5+ 9. Kh1 Ng4 10. Qe1 Re8 11. Qg3 Qb6 12. f5 Nf2+ 13. Rxf2 Bxf2 14. Qg4 Nd7 15. g3 Nf6 16. Qh4 Be3 17. Nbd2 Bd7 18. b3 Bc6 19. Kg2 Ne4 20. Bxe4 dxe4 21. Ng5 Bxg5 22. Qxg5 e3+ 23. Nf3 Bxf3+ 24. Kxf3 Qc6+ 25. Kg4 h6 0-1

[Event "Polanica Zdroj op 59th"]
[Site "Polanica Zdroj"]
[Date "2023.08.22"]
[Round "4"]
[White "Kazakouski, Valery"]
[Black "Razin, Vadim"]
[Result "1/2-1/2"]
[WhiteElo "2558"]
[BlackElo "2378"]
[PlyCount "127"]
[EventDate "2023.08.19"]
[EventType "swiss"]
[EventRounds "9"]
[EventCountry "POL"]
[SourceTitle "CBM 215 Extra"]
[Source "ChessBase"]
[SourceDate "2023.09.30"]
[SourceVersion "1"]
[SourceVersionDate "2023.09.30"]
[SourceQuality "1"]

1. e4 e6 2. d4 d5 3. Nc3 Bb4 4. e5 Qd7 5. h4 b6 6. Qg4 f5 7. Qg3 Ba6 8. Bxa6 Nxa6 9. Nge2 0-0-0 10. Nf4 Nb8 11. 0-0 Bxc3 12. Qxc3 Ne7 13. a4 a5 14. Qd3 Nec6 15. c3 g6 16. Bd2 Qf7 17. b4 h6 18. h5 g5 19. Ng6 Rhe8 20. Rfc1 Qd7 21. f4 g4 22. Be1 Kb7 23. Rab1 Rc8 24. Bh4 Ka8 25. Kf2 Kb7 26. Ke3 Ka8 27. Qb5 Ka7 28. Bf6 Qf7 29. Qe2 Kb7 30. Bh4 Qd7 31. Qa2 Ka8 32. Qa3 Kb7 33. b5 Na7 34. Ne7 Rcd8 35. c4 dxc4 36. Rxc4 c5 37. bxc6+ Nbxc6 38. Nxc6 Nxc6 39. Bxd8 Rxd8 40. Qc5 Nb4 41. Rcxb4 axb4 42. Rxb4 Qc6 43. Qxc6+ Kxc6 44. Kd3 Rd5 45. Kc3 Ra5 46. g3 Rd5 47. Rc4+ Kb7 48. Kb4 Ra5 49. Rc5 Ra8 50. Rb5 Kc6 51. d5+ exd5 52. a5 bxa5+ 53. Rxa5 Rb8+ 54. Kc3 Rb1 55. Ra8 Rg1 56. Kd4 Rd1+ 57. Ke3 d4+ 58. Ke2 Rg1 59. Kf2 Rb1 60. Rd8 Kc5 61. e6 Rb2+ 62. Kf1 Rb1+ 63. Kf2 Rb2+ 64. Kf1 1/2-1/2

[Event "Opole AZS op 1st"]
[Site "Opole"]
[Date "2023.08.15"]
[Round "6"]
[White "Razin, Vadim"]
[Black "Kukula, Karol"]
[Result "1-0"]
[WhiteElo "2289"]
[BlackElo "1916"]
[PlyCount "117"]
[EventDate "2023.08.15"]
[EventType "swiss (rapid)"]
[EventRounds "9"]
[EventCountry "POL"]
[SourceTitle "EXT 2024"]
[Source "ChessBase"]
[SourceDate "2023.10.10"]
[SourceVersion "1"]
[SourceVersionDate "2023.10.10"]
[SourceQuality "1"]

1. d4 Nf6 2. Nf3 e6 3. c4 Bb4+ 4. Nbd2 b6 5. a3 Bxd2+ 6. Qxd2 Bb7 7. e3 0-0 8. Be2 Ne4 9. Qc2 d6 10. 0-0 Nd7 11. b4 a5 12. Bb2 f5 13. d5 e5 14. Ne1 axb4 15. axb4 Rxa1 16. Bxa1 Qg5 17. Bb2 Ndf6 18. Bc1 Qg6 19. Bd3 Ne8 20. f3 Ng5 21. f4 exf4 22. exf4 Ne4 23. b5 N8f6 24. Nf3 Ra8 25. Nd4 Bc8 26. Bb2 Bd7 27. Qc1 Nc5 28. Bb1 Nfe4 29. Rf3 Qf7 30. h3 Qg6 31. Kh2 Qh5 32. Ne2 Re8 33. Ng3 Qf7 34. Nxe4 Nxe4 35. Bxe4 Rxe4 36. Rg3 g6 37. Qc3 Kf8 38. Qh8+ Qg8 39. Qf6+ Qf7 40. Qd8+ Be8 41. c5 Qe7 42. Qb8 bxc5 43. b6 cxb6 44. Ra3 Kg8 45. Ra7 Qf8 46. Rg7+ Qxg7 47. Bxg7 Kxg7 48. Qxd6 Bf7 49. Qc7 Kf8 50. Qxb6 Bxd5 51. Qd8+ Kg7 52. Qxd5 c4 53. g4 Re2+ 54. Kg3 fxg4 55. Qd7+ Kh8 56. Qc7 Re8 57. hxg4 Rf8 58. Qxc4 Rf7 59. Qd4+ 1-0

[Event "Wroclaw Anderssen Memorial op-A"]
[Site "Wroclaw"]
[Date "2023.08.09"]
[Round "5"]
[White "Razin, Vadim"]
[Black "Moranda, Wojciech"]
[Result "1/2-1/2"]
[WhiteElo "2378"]
[BlackElo "2576"]
[PlyCount "38"]
[EventDate "2023.08.06"]
[EventType "swiss"]
[EventRounds "9"]
[EventCountry "POL"]
[SourceTitle "CBM 215 Extra"]
[Source "ChessBase"]
[SourceDate "2023.09.30"]
[SourceVersion "1"]
[SourceVersionDate "2023.09.30"]
[SourceQuality "1"]

1. d4 Nf6 2. Nf3 d5 3. c4 e6 4. Nc3 c6 5. e3 Nbd7 6. Bd3 dxc4 7. Bxc4 b5 8. Be2 Bb7 9. 0-0 Be7 10. b3 a6 11. Bb2 c5 12. dxc5 Nxc5 13. b4 Ncd7 14. a4 bxa4 15. Qxa4 0-0 16. Rfd1 Qe8 17. Nd4 Nb6 18. Qxe8 Rfxe8 19. b5 axb5 1/2-1/2

[Event "Wroclaw Anderssen Memorial op-A"]
[Site "Wroclaw"]
[Date "2023.08.08"]
[Round "4"]
[White "Kukula, Karol"]
[Black "Razin, Vadim"]
[Result "1/2-1/2"]
[WhiteElo "1939"]
[BlackElo "2378"]
[PlyCount "119"]
[EventDate "2023.08.06"]
[EventType "swiss"]
[EventRounds "9"]
[EventCountry "POL"]
[SourceTitle "CBM 215 Extra"]
[Source "ChessBase"]
[SourceDate "2023.09.30"]
[SourceVersion "1"]
[SourceVersionDate "2023.09.30"]
[SourceQuality "1"]

1. e4 e6 2. d4 d5 3. Bd3 c5 4. exd5 exd5 5. dxc5 Bxc5 6. Ne2 Nf6 7. 0-0 0-0 8. Nbc3 h6 9. Nf4 Be6 10. h3 Nc6 11. Re1 a6 12. Nh5 Nxh5 13. Qxh5 Nb4 14. Bxh6 Nxd3 15. cxd3 Bxf2+ 16. Kxf2 Qf6+ 17. Kg1 Qxh6 18. Qxh6 gxh6 19. d4 Rac8 20. Re5 Rfd8 21. Rf1 b5 22. a3 Rc4 23. Rd1 Rd6 24. Rd2 Kg7 25. Kf2 f6 26. Re3 Kf7 27. Rf3 Bd7 28. Nd1 a5 29. Ne3 Rc1 30. Rc2 Rxc2+ 31. Nxc2 Rc6 32. Rc3 Rc4 33. Rxc4 dxc4 34. Ne3 Ke6 35. a4 c3 36. bxc3 bxa4 37. Nc4 Kd5 38. Nb6+ Kc6 39. Nc4 Kd5 40. Nb6+ Kc6 41. Nc4 Kd5 42. Nb6+ Ke6 43. Nc4 Kf5 44. Ke3 Bc6 45. g3 h5 46. h4 Bd5 47. Na3 Kg4 48. c4 Bf7 49. Kf2 f5 50. d5 f4 51. gxf4 Kxf4 52. Nb5 Be8 53. Na3 Ke4 54. Ke2 Kd4 55. Kd2 Bg6 56. d6 Be8 57. Kc2 Bc6 58. Kb2 Kd3 59. Nc2 Kxc4 60. Ne3+ 1/2-1/2

[Event "Wroclaw Anderssen Memorial op-A"]
[Site "Wroclaw"]
[Date "2023.08.06"]
[Round "1"]
[White "Razin, Vadim"]
[Black "Skrzypinski, Jan"]
[Result "1-0"]
[WhiteElo "2378"]
[BlackElo "2032"]
[PlyCount "59"]
[EventDate "2023.08.06"]
[EventType "swiss"]
[EventRounds "9"]
[EventCountry "POL"]
[SourceTitle "CBM 215 Extra"]
[Source "ChessBase"]
[SourceDate "2023.09.30"]
[SourceVersion "1"]
[SourceVersionDate "2023.09.30"]
[SourceQuality "1"]

1. d4 Nf6 2. Nf3 g6 3. Bg5 Bg7 4. Nbd2 0-0 5. e4 d6 6. c3 Bg4 7. Qc2 Nbd7 8. Bc4 h6 9. Bh4 c6 10. 0-0 b5 11. Bb3 e5 12. h3 Bxf3 13. Nxf3 g5 14. Bg3 Nh5 15. Rad1 Qe7 16. dxe5 dxe5 17. Rxd7 Qxd7 18. Bxe5 Rfe8 19. Rd1 Qe7 20. Bxg7 Nxg7 21. e5 Rad8 22. Rxd8 Qxd8 23. Qe4 Qd7 24. g4 Ne6 25. Qf5 Qe7 26. Nd2 Nf8 27. Ne4 Kg7 28. Nd6 Ng6 29. Bxf7 Nh4 30. Bxe8 1-0

[Event "Malopolska-ch"]
[Site "Krakow"]
[Date "2023.06.09"]
[Round "3"]
[White "Razin, Vadim"]
[Black "Karut, Kacper"]
[Result "1/2-1/2"]
[WhiteElo "2407"]
[BlackElo "1954"]
[PlyCount "34"]
[EventDate "2023.06.08"]
[EventType "swiss"]
[EventRounds "7"]
[EventCountry "POL"]
[SourceTitle "CBM 214 Extra"]
[Source "ChessBase"]
[SourceDate "2023.07.31"]
[SourceVersion "1"]
[SourceVersionDate "2023.07.31"]
[SourceQuality "1"]

1. d4 Nf6 2. Nf3 g6 3. Nc3 d5 4. Bf4 Bg7 5. e3 0-0 6. Be2 c5 7. Ne5 Nc6 8. Qd2 cxd4 9. exd4 Qb6 10. 0-0-0 Ne4 11. Nxe4 dxe4 12. Bc4 Nxe5 13. Bxe5 Bxe5 14. dxe5 Be6 15. Bb3 Bxb3 16. axb3 Rac8 17. Kb1 Qc5 1/2-1/2

[Event "Malopolska-ch"]
[Site "Krakow"]
[Date "2023.06.08"]
[Round "1"]
[White "Razin, Vadim"]
[Black "Kasperek, Ryszard"]
[Result "1-0"]
[WhiteElo "2407"]
[BlackElo "2056"]
[PlyCount "57"]
[EventDate "2023.06.08"]
[EventType "swiss"]
[EventRounds "7"]
[EventCountry "POL"]
[SourceTitle "CBM 214 Extra"]
[Source "ChessBase"]
[SourceDate "2023.07.31"]
[SourceVersion "1"]
[SourceVersionDate "2023.07.31"]
[SourceQuality "1"]

1. d4 Nf6 2. Nf3 e6 3. c4 c5 4. d5 exd5 5. cxd5 d6 6. Nc3 g6 7. e4 Bg7 8. Be2 0-0 9. Nd2 Re8 10. 0-0 Nbd7 11. Qc2 Ne5 12. a4 g5 13. Re1 Nfg4 14. Nf1 Ng6 15. Bxg4 Bxg4 16. Ne3 Bd7 17. Nc4 Qe7 18. Bd2 Ne5 19. Ne3 g4 20. Ne2 h5 21. Ng3 h4 22. Nef5 Bxf5 23. Nxf5 Qf6 24. Kh1 Qg6 25. Nxh4 Qh5 26. Nf5 Bf6 27. Ra3 Kh7 28. Qd1 Rh8 29. Rh3 1-0

[Event "Legnica Voivoda Cup 37th"]
[Site "Legnica"]
[Date "2023.06.03"]
[Round "6"]
[White "Razin, Vadim"]
[Black "Golubka, Petr"]
[Result "1/2-1/2"]
[WhiteElo "2407"]
[BlackElo "2371"]
[PlyCount "71"]
[EventDate "2023.05.30"]
[EventType "tourn"]
[EventRounds "9"]
[EventCountry "POL"]
[EventCategory "7"]
[SourceTitle "CBM 214 Extra"]
[Source "ChessBase"]
[SourceDate "2023.07.31"]
[SourceVersion "1"]
[SourceVersionDate "2023.07.31"]
[SourceQuality "1"]

1. e4 e6 2. d4 d5 3. exd5 exd5 4. Nf3 Bd6 5. Bd3 Nc6 6. 0-0 Nb4 7. Bb5+ Bd7 8. Bxd7+ Qxd7 9. Re1+ Ne7 10. c3 Nbc6 11. Nbd2 0-0 12. Nf1 Rfe8 13. Bg5 Nf5 14. Qd3 a6 15. Rxe8+ Rxe8 16. Re1 Rxe1 17. Nxe1 Qe6 18. Nc2 f6 19. Bc1 h5 20. Qf3 g6 21. g3 Nce7 22. Bf4 Kg7 23. Nfe3 c6 24. Bxd6 Nxd6 25. Qf4 Nef5 26. Nxf5+ Nxf5 27. Qc7+ Kh6 28. Qf4+ Kg7 29. Qc7+ Qe7 30. Qxe7+ Nxe7 31. Nb4 a5 32. Nd3 Nc8 33. a4 Nd6 34. f3 Kf7 35. Kf2 g5 36. h4 1/2-1/2

[Event "Legnica Voivoda Cup 37th"]
[Site "Legnica"]
[Date "2023.06.01"]
[Round "4"]
[White "Cherniaiev, Tykhon"]
[Black "Razin, Vadim"]
[Result "1/2-1/2"]
[WhiteElo "2330"]
[BlackElo "2407"]
[PlyCount "139"]
[EventDate "2023.05.30"]
[EventType "tourn"]
[EventRounds "9"]
[EventCountry "POL"]
[EventCategory "7"]
[SourceTitle "CBM 214 Extra"]
[Source "ChessBase"]
[SourceDate "2023.07.31"]
[SourceVersion "1"]
[SourceVersionDate "2023.07.31"]
[SourceQuality "1"]

1. d4 d5 2. c4 e6 3. Nf3 dxc4 4. e3 Nf6 5. Bxc4 a6 6. a4 c5 7. 0-0 Nc6 8. dxc5 Qc7 9. Nc3 Bxc5 10. h3 0-0 11. Bd2 b6 12. Qe2 Bb7 13. Rad1 Rfd8 14. Bc1 Rxd1 15. Rxd1 Ne5 16. Nxe5 Qxe5 17. Qf1 h6 18. Qd3 Qg5 19. Qf1 Ne4 20. Nxe4 Bxe4 21. b3 b5 22. Bd3 Bb7 23. Be2 bxa4 24. bxa4 a5 25. Bb2 Bd5 26. Bc4 Rb8 27. Ba1 Bc6 28. Bb5 Bxb5 29. axb5 Bf8 30. Rb1 Bb4 31. Qc4 Rxb5 32. Qc8+ Kh7 33. Qe8 Qf5 34. Rf1 Rb7 35. Bd4 Qb5 36. Qc8 Rd7 37. Rc1 Ba3 38. Qc2+ Qf5 39. Qxf5+ exf5 40. Rc6 Bb4 41. Ra6 f4 42. Kf1 fxe3 43. Bxe3 Rd5 44. Ke2 Rd6 45. Ra7 f6 46. g4 Rd5 47. Kf3 Kg6 48. Ra6 h5 49. Ra7 Rb5 50. Ke2 Bc5 51. Bxc5 Rxc5 52. Kf3 h4 53. Kg2 f5 54. Ra6+ Kg5 55. Ra7 g6 56. Ra6 Rb5 57. Kh2 Rb2 58. Kg2 Ra2 59. Rb6 a4 60. Rb4 a3 61. gxf5 gxf5 62. Ra4 Ra1 63. Ra5 Kf6 64. Ra4 a2 65. Ra6+ Ke5 66. Ra5+ Ke4 67. Ra4+ Ke5 68. Ra5+ Kd4 69. Ra4+ Ke5 70. Ra5+ 1/2-1/2

[Event "Legnica Voivoda Cup 37th"]
[Site "Legnica"]
[Date "2023.06.01"]
[Round "3"]
[White "Razin, Vadim"]
[Black "Bogdanov, Egor"]
[Result "1/2-1/2"]
[WhiteElo "2407"]
[BlackElo "2394"]
[PlyCount "63"]
[EventDate "2023.05.30"]
[EventType "tourn"]
[EventRounds "9"]
[EventCountry "POL"]
[EventCategory "7"]
[SourceTitle "CBM 214 Extra"]
[Source "ChessBase"]
[SourceDate "2023.07.31"]
[SourceVersion "1"]
[SourceVersionDate "2023.07.31"]
[SourceQuality "1"]

1. e4 e6 2. d4 d5 3. exd5 exd5 4. Bd3 Bd6 5. Nf3 Nf6 6. 0-0 0-0 7. Bg5 Bg4 8. Nbd2 Nbd7 9. c3 c6 10. Qc2 Qc7 11. Rae1 Rfe8 12. Bh4 Bh5 13. Bg3 Bg6 14. Bxg6 hxg6 15. Rxe8+ Rxe8 16. Re1 Rxe1+ 17. Nxe1 Bxg3 18. hxg3 Qd6 19. Nd3 Qe7 20. Qd1 Kf8 21. Qe1 Qxe1+ 22. Nxe1 Ke7 23. f3 Kd6 24. Nd3 b6 25. Kf2 Ng8 26. g4 g5 27. g3 Ne7 28. f4 gxf4 29. gxf4 f6 30. f5 g6 31. fxg6 Nxg6 32. Kf3 1/2-1/2

[Event "Wroclaw Radzikowska Blitz op"]
[Site "Wroclaw"]
[Date "2022.11.04"]
[Round "5"]
[White "Razin, Vadim"]
[Black "Cyfka, Karina"]
[Result "0-1"]
[WhiteElo "2407"]
[BlackElo "2339"]
[PlyCount "68"]
[EventDate "2022.11.04"]
[EventType "swiss (blitz)"]
[EventRounds "11"]
[EventCountry "POL"]
[SourceTitle "EXT 2024"]
[Source "ChessBase"]
[SourceDate "2023.10.10"]
[SourceVersion "1"]
[SourceVersionDate "2023.10.10"]
[SourceQuality "1"]

1. d4 Nf6 2. Nf3 e6 3. c4 Bb4+ 4. Nbd2 b6 5. a3 Bxd2+ 6. Qxd2 Bb7 7. e3 0-0 8. Be2 d6 9. 0-0 Nbd7 10. b4 Ne4 11. Qc2 f5 12. Bb2 Qe7 13. Rad1 Rf6 14. d5 e5 15. Bd3 Rh6 16. Bxe4 fxe4 17. Qxe4 Rf8 18. Nd2 Nf6 19. Qc2 Bc8 20. f3 Nh5 21. Rf2 Bf5 22. Qc3 Qh4 23. Nf1 Nf6 24. c5 Bd7 25. Qd2 Bb5 26. h3 Bxf1 27. Kxf1 Ne4 28. Qc2 Nxf2 29. Qxf2 Qc4+ 30. Qe2 Qh4 31. cxd6 cxd6 32. Rc1 Rhf6 33. Rc6 Qg3 34. Qf2 Rxf3 0-1

[Event "Wroclaw Radzikowska Blitz op"]
[Site "Wroclaw"]
[Date "2022.11.04"]
[Round "8"]
[White "Razin, Vadim"]
[Black "Maltsevskaya, Aleksandra"]
[Result "1/2-1/2"]
[WhiteElo "2407"]
[BlackElo "2402"]
[PlyCount "123"]
[EventDate "2022.11.04"]
[EventType "swiss (blitz)"]
[EventRounds "11"]
[EventCountry "POL"]
[SourceTitle "EXT 2024"]
[Source "ChessBase"]
[SourceDate "2023.10.10"]
[SourceVersion "1"]
[SourceVersionDate "2023.10.10"]
[SourceQuality "1"]

1. d4 Nf6 2. Nf3 g6 3. Bg5 Bg7 4. Nbd2 0-0 5. e4 d6 6. c3 Nbd7 7. Qc2 e5 8. dxe5 dxe5 9. Be2 h6 10. Bh4 Qe7 11. 0-0 Nc5 12. Rfe1 Bg4 13. Nc4 Bxf3 14. Bxf3 Rfd8 15. Rad1 a5 16. Rxd8+ Rxd8 17. Nxa5 g5 18. Bg3 g4 19. Be2 Ncxe4 20. Nc4 Qc5 21. Bd3 Nxg3 22. hxg3 e4 23. Bf1 h5 24. b4 Qg5 25. Ne3 h4 26. gxh4 Qxh4 27. Nf5 Qg5 28. Nxg7 Kxg7 29. Qc1 Rd2 30. Re2 e3 31. Rxe3 Rxa2 32. Re1 Qf5 33. Qe3 Rb2 34. Bd3 Qh5 35. Qd4 Rd2 36. Qe3 Qh6 37. Bf5 Qxe3 38. Rxe3 Rd1+ 39. Kh2 Kh6 40. Bc8 b6 41. Kg3 Kg5 42. Re5+ Kg6 43. Bf5+ Kg7 44. Bxg4 Rd3+ 45. Re3 Rxe3+ 46. fxe3 Ne4+ 47. Kf4 Nxc3 48. Ke5 c5 49. bxc5 bxc5 50. Bf5 Nd1 51. e4 c4 52. Kd4 c3 53. Kd3 Kf6 54. g4 Ke5 55. Kc2 Ne3+ 56. Kxc3 Nxf5 57. exf5 Kf4 58. Kd4 Kxg4 59. Ke5 Kg5 60. f6 Kg6 61. Ke4 Kxf6 62. Kf4 1/2-1/2

[Event "Wroclaw Radzikowska Blitz op"]
[Site "Wroclaw"]
[Date "2022.11.04"]
[Round "11"]
[White "Wieczorek, Oskar"]
[Black "Razin, Vadim"]
[Result "0-1"]
[WhiteElo "2504"]
[BlackElo "2407"]
[PlyCount "126"]
[EventDate "2022.11.04"]
[EventType "swiss (blitz)"]
[EventRounds "11"]
[EventCountry "POL"]
[SourceTitle "EXT 2024"]
[Source "ChessBase"]
[SourceDate "2023.10.10"]
[SourceVersion "1"]
[SourceVersionDate "2023.10.10"]
[SourceQuality "1"]

1. e4 e6 2. d4 d5 3. Nd2 Nf6 4. e5 Nfd7 5. c3 c5 6. f4 Nc6 7. Ndf3 Qb6 8. a3 Be7 9. b4 cxd4 10. cxd4 Nf8 11. Bd3 Bd7 12. Ne2 a6 13. 0-0 Ng6 14. Kh1 Na7 15. Nc3 Rc8 16. Bd2 Nxf4 17. Na4 Qc6 18. b5 axb5 19. Rc1 Qa6 20. Rxc8+ Nxc8 21. Bxf4 Qxa4 22. Qc1 Qxa3 23. Qb1 Qb4 24. Qc2 Qa4 25. Qc7 Bd8 26. Qc1 h6 27. Qb2 Qa6 28. Ra1 Qb6 29. Bd2 b4 30. Ra8 Be7 31. Bb1 Qb5 32. Qc2 Qf1+ 33. Ng1 Qc4 34. Qd1 Qxd4 35. Nf3 Qc4 36. Be3 0-0 37. Bd3 Qg4 38. h3 Qg3 39. Qd2 Bg5 40. Nxg5 hxg5 41. Bxg5 Nb6 42. Ra7 Bc6 43. Bf4 Qh4 44. Kh2 Qh5 45. Be2 Qf5 46. Qd4 Nc4 47. Bg4 Qe4 48. Qf2 b3 49. Ra1 b2 50. Re1 b1Q 51. Rxe4 Qxe4 52. Qg3 b5 53. Bh6 Qg6 54. Bf4 b4 55. h4 b3 56. h5 Qe4 57. Bh6 Qxe5 58. Bf4 Qf6 59. h6 g6 60. Be2 Kh7 61. Bg5 Qe5 62. Bf4 Qxe2 63. Qc3 e5 0-1

[Event "Polanica Zdroj op-A 58th"]
[Site "Polanica Zdroj"]
[Date "2022.08.18"]
[Round "6"]
[White "Razin, Vadim"]
[Black "Koziorowicz, Michal"]
[Result "0-1"]
[WhiteElo "2428"]
[BlackElo "2231"]
[PlyCount "90"]
[EventDate "2022.08.13"]
[EventType "swiss"]
[EventRounds "9"]
[EventCountry "POL"]
[SourceTitle "CBM 210 Extra"]
[Source "ChessBase"]
[SourceDate "2022.11.30"]
[SourceVersion "1"]
[SourceVersionDate "2022.11.30"]
[SourceQuality "1"]

1. d4 Nf6 2. Nf3 e6 3. c4 c5 4. d5 b5 5. Bg5 exd5 6. cxd5 h6 7. Bxf6 Qxf6 8. Qc2 c4 9. Nc3 Bb4 10. Qe4+ Kd8 11. Qd4 Qxd4 12. Nxd4 a6 13. g3 Bb7 14. Bg2 d6 15. 0-0 Kc7 16. a4 Bc5 17. Rfd1 Kb6 18. Ne4 Bxd4 19. Rxd4 Rd8 20. b3 cxb3 21. Rb1 Nd7 22. Rxb3 Nc5 23. Rb1 Nxe4 24. Bxe4 Rdc8 25. Bd3 Rc5 26. e4 Rac8 27. Kg2 Rc1 28. Rb2 Rd1 29. Bxb5 Rxd4 30. Bc6+ Kc5 31. Rxb7 Rf8 32. Ra7 f5 33. exf5 Rxf5 34. f4 g5 35. Rc7 Kb4 36. Bd7 Rf7 37. f5 Rxd5 38. g4 Rd4 39. Kg3 Ka5 40. Rb7 Rxa4 41. Bxa4 Rxb7 42. Bc2 Kb4 43. Be4 Rb8 44. Bd5 Kc5 45. Be6 Kd4 0-1

[Event "Wroclaw op-A"]
[Site "Wroclaw"]
[Date "2022.08.01"]
[Round "3"]
[White "Razin, Vadim"]
[Black "Heinzel, Olaf"]
[Result "1-0"]
[WhiteElo "2428"]
[BlackElo "2306"]
[PlyCount "65"]
[EventDate "2022.07.31"]
[EventType "swiss"]
[EventRounds "9"]
[EventCountry "POL"]
[SourceTitle "CBM 209 Extra"]
[Source "ChessBase"]
[SourceDate "2022.09.30"]
[SourceVersion "1"]
[SourceVersionDate "2022.09.30"]
[SourceQuality "1"]

1. d4 d5 2. Nf3 e6 3. c4 c6 4. Nc3 f5 5. g3 Nf6 6. Bg2 Bd6 7. 0-0 0-0 8. b3 Bd7 9. Bb2 Be8 10. e3 Bh5 11. Ne2 Qe8 12. Ne5 g5 13. f3 Nfd7 14. Qd2 Nxe5 15. dxe5 Bc5 16. b4 Bb6 17. c5 Bd8 18. e4 Bg6 19. Nd4 Na6 20. exd5 cxd5 21. f4 Nc7 22. fxg5 Be7 23. Rac1 Bf7 24. h4 Nb5 25. Nxf5 exf5 26. e6 Bxe6 27. Rfe1 Nc7 28. Rxe6 Nxe6 29. Bxd5 Qd7 30. Qd4 Kf7 31. Re1 Ke8 32. Rxe6 Rd8 33. Qe5 1-0

[Event "Wroclaw Anderssen Memorial"]
[Site "Wroclaw"]
[Date "2022.07.30"]
[Round "7"]
[White "Razin, Vadim"]
[Black "Kowalski, Igor"]
[Result "1/2-1/2"]
[WhiteElo "2428"]
[BlackElo "2371"]
[PlyCount "210"]
[EventDate "2022.07.30"]
[EventType "swiss (rapid)"]
[EventRounds "9"]
[EventCountry "POL"]
[SourceTitle "CBM 209 Extra"]
[Source "ChessBase"]
[SourceDate "2022.09.30"]
[SourceVersion "1"]
[SourceVersionDate "2022.09.30"]
[SourceQuality "1"]

1. d4 d5 2. Nf3 Nf6 3. c4 c6 4. Nc3 dxc4 5. e4 b5 6. e5 Nd5 7. Be2 a5 8. a4 Nxc3 9. bxc3 e6 10. Bg5 Be7 11. Bxe7 Qxe7 12. Qb1 Bd7 13. Bxc4 0-0 14. axb5 cxb5 15. Bxb5 Rc8 16. c4 Bxb5 17. Qxb5 Nc6 18. 0-0 Rab8 19. Qa4 g6 20. h3 Rb4 21. Qc2 Qd8 22. Rfd1 Ne7 23. c5 Rcb8 24. Ra4 Nc6 25. h4 Qd5 26. h5 Rxa4 27. Qxa4 Qb3 28. Qa1 a4 29. d5 exd5 30. e6 d4 31. exf7+ Qxf7 32. hxg6 hxg6 33. Qxa4 Qd5 34. Qc2 Kg7 35. Rc1 Rd8 36. Qd3 Nb4 37. Qb5 Nc6 38. Qd3 Nb4 39. Qd2 Nc6 40. Qf4 d3 41. Rd1 Rd7 42. Ng5 d2 43. Nf3 Qxc5 44. Rxd2 Qc1+ 45. Kh2 Rxd2 46. Nxd2 Qc3 47. Qc7+ Kg8 48. Nf3 Qf6 49. Qc8+ Kg7 50. Qc7+ Kg8 51. Qc8+ Kg7 52. Qd7+ Kg8 53. Qd5+ Kg7 54. g3 Ne7 55. Qb7 Kf7 56. Qb3+ Kg7 57. Kg2 Qc6 58. Qe3 Nf5 59. Qa7+ Kf6 60. Qa1+ Kf7 61. Qa2+ Kf6 62. Qb2+ Kf7 63. Qb3+ Kf6 64. Kh2 Qc5 65. Qb2+ Ke7 66. Qe2+ Kf6 67. g4 Qd6+ 68. Kg2 Ne7 69. Qb2+ Ke6 70. Ng5+ Kd7 71. Qb7+ Qc7 72. Qf3 Qc6 73. Ne4 Ke6 74. Qe3 Nd5 75. Qf3 Ne7 76. Qf6+ Kd7 77. Qd4+ Qd5 78. Qa7+ Ke6 79. f3 Qc6 80. Qa2+ Nd5 81. Qd2 Qb6 82. Ng5+ Kd6 83. Ne4+ Ke6 84. Qf2 Nf4+ 85. Kh2 Qxf2+ 86. Nxf2 Ke5 87. Ne4 Ne2 88. Kg2 Kf4 89. Nf6 Nd4 90. Nd5+ Ke5 91. Ne7 Kf6 92. Nc8 Ke5 93. Nb6 g5 94. Kf2 Kf4 95. Nd5+ Ke5 96. Nb4 Ne6 97. Ke3 Nc7 98. Nd3+ Kd5 99. Nf2 Ke5 100. Nh3 Ne6 101. Nf2 Nc7 102. Nd3+ Kd5 103. Nb4+ Kc5 104. Nc2 Kd5 105. Nb4+ Ke5 1/2-1/2

[Event "Bystre op 2nd"]
[Site "Bystre"]
[Date "2022.07.24"]
[Round "9"]
[White "Razin, Vadim"]
[Black "Babiarz, Arkadiusz"]
[Result "1-0"]
[WhiteElo "2428"]
[BlackElo "2027"]
[PlyCount "59"]
[EventDate "2022.07.17"]
[EventType "swiss"]
[EventRounds "9"]
[EventCountry "POL"]
[SourceTitle "CBM 209 Extra"]
[Source "ChessBase"]
[SourceDate "2022.09.30"]
[SourceVersion "1"]
[SourceVersionDate "2022.09.30"]
[SourceQuality "1"]

1. d4 d5 2. Nf3 e6 3. c4 c6 4. Nc3 dxc4 5. e4 b5 6. Be2 Bb7 7. 0-0 Nf6 8. e5 Nd5 9. Ne4 Nd7 10. a4 a6 11. Bd2 Be7 12. b3 cxb3 13. Qxb3 0-0 14. Rfc1 Qb6 15. Bg5 Bb4 16. Qc2 Rfe8 17. Nc5 Nxc5 18. dxc5 Qc7 19. Qe4 Nc3 20. Qe3 Nxa4 21. Rxa4 bxa4 22. Bf6 gxf6 23. exf6 Kh8 24. Qh6 Rg8 25. Bd3 Rg6 26. Bxg6 fxg6 27. Ng5 Bd2 28. f7 Bxg5 29. f8R+ Rxf8 30. Qxf8# 1-0

[Event "Bystre op 2nd"]
[Site "Bystre"]
[Date "2022.07.19"]
[Round "2"]
[White "Razin, Vadim"]
[Black "Kasperek, Ryszard"]
[Result "1-0"]
[WhiteElo "2428"]
[BlackElo "2058"]
[PlyCount "77"]
[EventDate "2022.07.17"]
[EventType "swiss"]
[EventRounds "9"]
[EventCountry "POL"]
[SourceTitle "CBM 209 Extra"]
[Source "ChessBase"]
[SourceDate "2022.09.30"]
[SourceVersion "1"]
[SourceVersionDate "2022.09.30"]
[SourceQuality "1"]

1. d4 Nf6 2. Nf3 e6 3. c4 b6 4. a3 Ba6 5. Qc2 Bb7 6. Nc3 c5 7. e4 cxd4 8. Nxd4 Bc5 9. Nb3 Nc6 10. Nxc5 Nd4 11. Qd1 bxc5 12. Bd3 d6 13. 0-0 h6 14. f4 e5 15. b4 0-0 16. f5 cxb4 17. axb4 Qb6 18. Na4 Qc7 19. Re1 a6 20. Be3 Bc6 21. Nc3 Rfe8 22. Nd5 Bxd5 23. exd5 Rab8 24. Rb1 a5 25. b5 Nd7 26. Qg4 Kf8 27. Rb2 Qc5 28. f6 Nxf6 29. Qh4 Qa3 30. Rd2 e4 31. Bxd4 exd3 32. Ra1 Qb4 33. Rb2 Re4 34. Qg3 Nh5 35. Qxd3 Re1+ 36. Kf2 Nf4 37. Qg3 Qxb2+ 38. Bxb2 Re2+ 39. Kf1 1-0